Constitutionalism: philosophical foundations

Salvato in:
Dettagli Bibliografici
Autore principale: Alexander, Larry (Autore)
Natura: Libro
Lingua:inglese
Pubblicazione: Nueva York Cambridge University Press 1998
Edizione:1a. ed
Soggetti:
Tags: Aggiungi Tag
Nessun Tag, puoi essere il primo ad aggiungerne!!

MARC

LEADER 00000nam a2200000 a 4500
001 UCJ9275
003 CL-VaPUC
008 070309e19980000US |||||||||||||||||eng|d
020 |a 0521799996 
082 0 4 |a 342.001  |b ALE  |2 21 
100 0 |a Alexander, Larry  |e author  |9 519230 
245 1 0 |a Constitutionalism: philosophical foundations 
250 |a 1a. ed 
300 |a 319 p 
942 |c BK 
945 |d 20070309 00:00:00  |a lvergara 
260 |a Nueva York  |b Cambridge University Press  |c 1998 
650 0 |a Derecho constitucional   |9 222588 
650 7 |a LEY CONSTITUCIONAL  |2 CL-VaPUC  |9 519231 
650 0 |a Filosofía del derecho   |9 255050 
583 |a last modification  |c 20070309 00:00:00  |k Rodrigo Vera 
999 |c 324853  |d 324851 
952 |0 0  |1 0  |4 0  |6 342_001000000000000_ALE_1998  |7 0  |8 A  |9 405229  |a BIBDER  |b BIBDER  |d 2019-11-22  |i 4286898  |o 342.001 ALE 1998  |p 4286898  |r 2023-01-25  |w 2019-11-22  |y BK  |k DER